Normal view
MARC view
- خليل، إبراهيم وآخرون ؛ مراجعة وتقديم صلاح جرار
Entry Personal Name
001 - CONTROL NUMBER
- control field: 49618
003 - CONTROL NUMBER IDENTIFIER
- control field: JO-AjAnu
005 - DATE AND TIME OF LATEST TRANSACTION
- control field: 20230606082156.0
008 - FIXED-LENGTH DATA ELEMENTS
- fixed length control field: 230606|| aca||aabn | a|a d
040 ## - CATALOGING SOURCE
- Original cataloging agency: JO-AjAnu
- Transcribing agency: JO-AjAnu
100 ## - HEADING--PERSONAL NAME
- Personal name: خليل، إبراهيم وآخرون ؛ مراجعة وتقديم صلاح جرار
670 ## - SOURCE DATA FOUND
- Source citation: Work cat.: (JO-AjAnu)25372: خليل، إبراهيم وآخرون ؛ مراجعة وتقديم صلاح جرار, author, معالم الحياة الأدبية في فلسطين والأردن (1950-2000)